| 000 | 00575nam a22001937a 4500 | ||
|---|---|---|---|
| 003 | OSt | ||
| 008 | 260504b |||||||| |||| 00| 0 eng d | ||
| 082 |
_a635.652 _bR20S |
||
| 100 | _aNandan, Ravi. | ||
| 245 |
_aStudies on Growth, Yield and Quality of French Bean (Phaseolus Vulgaris L.) Under Various Irrigation and Nitrogen Management System / _cby Ravi Nandan |
||
| 260 |
_a.- Pusa, Samastipur _b: RAU _c, 1994 |
||
| 300 | _a213p. | ||
| 502 |
_bPh. D. _d1994 |
||
| 650 | _aAgronomy | ||
| 650 | _aFrench Bean | ||
| 650 | _aThesis | ||
| 650 | _aPh. D. | ||
| 942 |
_2ddc _cT |
||
| 999 |
_c50412 _d50412 |
||